| 000 | 00891pam a2200313 4500 | ||
|---|---|---|---|
| 001 | 2669394 | ||
| 003 | OSt | ||
| 005 | 20140310182721.0 | ||
| 008 | 740104s1974 nyua b 000 0 eng | ||
| 010 | _a 73020587 | ||
| 020 | _a0394492854 | ||
| 040 |
_aDLC _cDLC _dDLC |
||
| 050 | 0 | 0 |
_aRM 222.2 _b.G378 1974 |
| 082 | 0 | 0 |
_aM 613.25 _bG32 1974 |
| 100 | 1 | _aGerrard, Don. | |
| 245 | 1 | 0 |
_aOne bowl : _ba simple concept for controlling body weight. _cGerrard, Don |
| 260 |
_aNew York : _bRandom House, Inc., _cc1974. |
||
| 300 |
_a54 p. _billus. ; _c19 cm. |
||
| 500 | _a"A Random House-Bookworks book." | ||
| 504 | _aBibliography: p. [5] (1st group) | ||
| 521 | _aCollege Students | ||
| 526 | _c1210L-1700L | ||
| 541 | _j1 | ||
| 562 | _e1 | ||
| 650 | 0 | _aReducing diets. | |
| 650 | 0 | _aNutrition. | |
| 906 |
_a7 _bcbc _corignew _d1 _eocip _f19 _gy-gencatlg |
||
| 942 |
_2lcc _cBK _kM |
||
| 999 |
_c15331 _d15331 |
||